Указатель отечественных нормативно-технических документов международных и иностранных стандартов (Запись № 4623673)

Подробности
000 -МАРКЕР
контрольное поле 03158nas1a22004571i 4500
001 - ИДЕНТИФИКАТОР ЗАПИСИ
контрольное поле RU\NLR\INFOCOMM6\5000025142
005 - ИДЕНТИФИКАТОР ВЕРСИИ
контрольное поле 20240723110350.0
035 ## - ДРУГИЕ СИСТЕМНЫЕ НОМЕРА
Идентификатор записи (NLR Aleph) 002388623
100 ## - ДАННЫЕ ОБЩЕЙ ОБРАБОТКИ
Данные общей обработки 20041223c1979 |||y0rusy50 ca
101 0# - ЯЗЫК РЕСУРСА
Язык текста, звукозаписи и т.д. русский
102 ## - СТРАНА ПУБЛИКАЦИИ ИЛИ ПРОИЗВОДСТВА
Страна публикации российская федерация
110 ## - ПОЛЕ КОДИРОВАННЫХ ДАННЫХ: ПРОДОЛЖАЮЩИЕСЯ РЕСУРСЫ
Кодированные данные продолжающегося ресурса ayuzz 0|y|
200 1# - ЗАГЛАВИЕ И СВЕДЕНИЯ ОБ ОТВЕТСТВЕННОСТИ
Основное заглавие Указатель отечественных нормативно-технических документов международных и иностранных стандартов
Наименование части Серия "Легкая промышленность"
210 ## - ПУБЛИКАЦИЯ, РАСПРОСТРАНЕНИЕ И ДР.
Место издания, распространения и т.д. М.
Дата издания, распространения и т.д. 1979-1983
225 1# - СЕРИЯ
Основное заглавие серии Библиографическая информация
Сведения об ответственности ВНИИ техн. информ., классиф. и кодирования (ВНИИКИ)
300 ## - ОБЩИЕ ПРИМЕЧАНИЯ
Текст примечания В надзаг. также: Гос. ком. СССР по стандартам
311 ## - ПРИМЕЧАНИЯ, ОТНОСЯЩИЕСЯ К ПОЛЯМ СВЯЗИ (ПРИМЕЧАНИЯ О СВЯЗИ С ДРУГИМИ ПРОИЗВЕДЕНИЯМИ (ИЗДАНИЯМИ))
Текст примечания С 1986 объединилось с: Пищевая промышленность (шифр: Пт П-1/137) и выходит под загл.: Легкое и пищевое машиностроение (шифр: Пт П-1/179)
440 #0 - ПРОДОЛЖАЕТСЯ ПОД ...
Встроенное поле 2001#$aЛегкое и пищевое машиностроение
-- 852##$aNLR$bПт$jП-1/179
Заглавие Легкое и пищевое машиностроение
712 02 - НАИМЕНОВАНИЕ ОРГАНИЗАЦИИ - ВТОРИЧНАЯ ОТВЕТСТВЕННОСТЬ
Начальный элемент ввода ВНИИ технической информации, классификации и кодирования
Код отношения Прочие
801 #1 - ИСТОЧНИК ЗАПИСИ
Страна российская федерация
Организация InfoComm
Дата составления 20041223
801 #0 - ИСТОЧНИК ЗАПИСИ
Страна российская федерация
Организация NLR
Правила каталогизации PSBO
852 ## - МЕСТОНАХОЖДЕНИЕ И ШИФР ХРАНЕНИЯ
Идентификатор организации NLR
Наименование фонда или коллекции (Sub-Location Identifier) Пт
Шифр хранения (Call Number) П-1/144
942 ## - ДОПОЛНИТЕЛЬНЫЕ ЭЛЕМЕНТЫ ЗАПИСИ (АБИС)
Тип экземпляра АБИС Журнал
980 ## - КОЛЛЕКЦИЯ
Название коллекции Русская периодика

Нет доступных экземпляров.